000 00722nam a2200289Ia 4500
005 20260324150230.0
008 008 260324s9999 xx 000 0 eng d
020 _a9781315019253
037 _aEBOOK
040 _aCRL
040 _beng
040 _cCRL
041 _2eng
041 _aeng
084 _qCRL
100 _aRichard L. Tames
_91225711
245 0 _aDocuments of the Industrial Revolution 1750-1850
245 0 _bSelect Economic and Social Documents for Sixth forms
260 _bTaylor and Francis
260 _c1971
365 _a
365 _b300
856 _uhttp://www.taylorfrancis.com/books/9781315019253
942 _cEBOOK
999 _c1834813
_d1834813